[Event "SWZ-chT"]
[Site "SWZ"]
[Date "1995.??.??"]
[Round "7"]
[White "Brunner, Lucas"]
[Black "Nemet, Ivan"]
[Result "1/2-1/2"]
[WhiteElo "2530"]
[BlackElo "2395"]

1.d4 Nf6 2.c4 e6 3.Nc3 Bb4 4.Qc2 O-O 5.a3 Bxc3+ 6.Qxc3 Ne4 7.Qc2 f5 8.Nh3 Nc6
9.e3 d6 10.f3 Nf6 11.Bd3 Qe8 12.O-O Ne7 13.Bd2 Bd7 14.Nf2 Qh5 15.Rae1 Rae8
16.b4 Kh8 17.b5 c5 18.bxc6 Nxc6 19.Bc3 Bc8 20.a4 b6 21.c5 bxc5 22.dxc5 d5
23.Bb5 Bb7 24.Bxc6 Bxc6 25.Nd3 Nd7 26.Ne5 Rc8 27.Nxd7 Bxd7 28.Bd4 Qe8 29.Qc3 Rf7
30.a5 Bb5 31.Rf2 a6 32.f4 h6 33.h3 Kh7 34.Kh2 Rb7 35.Rg1 Bc4 36.g4 g6 37.gxf5 exf5
38.Rfg2 Rc6 39.Rb2 Rb5 40.Rxb5 Bxb5 41.Qc2 Qe7 42.Kg3 Re6 43.Qc3 g5 44.Kh2 Rg6
45.Qc2 Bd7 46.Qb2 Bb5 47.Qc2 Bd7 48.fxg5 hxg5 49.Rb1 g4 50.Rb8 Rh6 51.Rh8+ Kg6
52.Rg8+ Kh5 53.Qf2 Rg6 54.Rh8+ Rh6 55.Rxh6+ Kxh6 56.Qf4+ Kg6 57.Qc7 Qe6 58.hxg4 fxg4
59.Qd8 g3+ 60.Kxg3 Qg4+ 61.Kf2 Qf5+ 62.Ke1 Qb1+ 63.Kf2 Qf5+ 64.Kg1 Qg4+ 65.Kf2 Qf5+  1/2-1/2

[Event "SWZ-chT"]
[Site "SWZ"]
[Date "1995.??.??"]
[Round "8"]
[White "Brunner, Lucas"]
[Black "Ekstroem, Roland"]
[Result "1-0"]
[WhiteElo "2530"]
[BlackElo "2435"]

1.d4 Nf6 2.c4 e6 3.Nc3 Bb4 4.Qc2 O-O 5.a3 Bxc3+ 6.Qxc3 b6 7.Bg5 Bb7 8.Nh3 d6
9.f3 Nbd7 10.e4 h6 11.Be3 c5 12.Be2 Qc7 13.O-O Rfe8 14.Rad1 a5 15.d5 exd5
16.cxd5 Ba6 17.Bxa6 Rxa6 18.Qc4 Raa8 19.Nf2 Ne5 20.Qc1 b5 21.Rfe1 a4 22.h3 Nc4
23.Bf4 Qe7 24.Bh2 Nd7 25.f4 f6 26.Nd3 g5 27.h4 Qg7 28.Re2 Re7 29.hxg5 hxg5
30.Rf1 Rae8 31.fxg5 Rxe4 32.Rxe4 Rxe4 33.gxf6 Nxf6 34.Nf4 Ne3 35.Rf2 Nfg4
36.Ne6 Qh6 37.Rf8+ Kh7 38.Bxd6 Rxe6 39.dxe6 Qxe6 40.Qxc5 Qc4 41.Qc7+  1-0

[Event "SWZ-chT"]
[Site "SWZ"]
[Date "1995.??.??"]
[Round "9"]
[White "Raeber, Markus"]
[Black "Klauser, Markus"]
[Result "0-1"]
[WhiteElo "2115"]
[BlackElo "2345"]

1.d4 Nf6 2.c4 e6 3.Nc3 Bb4 4.Qc2 O-O 5.a3 Bxc3+ 6.Qxc3 b6 7.Nf3 Bb7 8.g3 d6
9.Bg2 Nbd7 10.O-O Qe7 11.b4 Ne4 12.Qc2 f5 13.Ng5 Ndf6 14.Nh3 Nd7 15.Ng5 Ndf6
16.Nh3 Ne8 17.Nf4 e5 18.dxe5 dxe5 19.Nd3 N8d6 20.Bb2 Nf7 21.c5 Rad8 22.Rad1 Bd5
23.f3 Nf6 24.Nf2 Qe6 25.Qc3 Bc4 26.Nd3 Bxd3 27.Rxd3 Rxd3 28.Qxd3 Rd8 29.Qc2 f4
30.Bc1 Nh5 31.g4 Nf6 32.e4 fxe3 33.Bxe3 Nd5 34.Bf2 Nf4 35.Rd1 Rd5 36.Rxd5 Qxd5
37.cxb6 cxb6 38.Qc8+ Qd8 39.Qxd8+ Nxd8 40.Bf1 Nc6 41.Be3 Kf7 42.Kf2 Ke6 43.Bc4+ Kd6
44.g5 Nd4 45.a4 Nde6 46.a5 Nd4 47.axb6 axb6 48.h4 Kc6 49.Bd2 Nf5 50.Bc3 Kd6
51.Bf7 Nxh4 52.b5 Kc5 53.Be8 Nf5 54.Bd7 Nd4 55.Kf1 Nxf3 56.Bg4 Nh2+  0-1

[Event "HUN-SLO juniors"]
[Site "Szentgotthard"]
[Date "1995.??.??"]
[Round "?"]
[White "Csiszar, Zoltan"]
[Black "Jazbinsek, Sebastjan"]
[Result "1-0"]
[WhiteElo "2220"]
[BlackElo "2210"]

1.d4 Nf6 2.c4 e6 3.Nc3 Bb4 4.Qc2 O-O 5.a3 Bxc3+ 6.Qxc3 b6 7.Bg5 Bb7 8.e3 d6
9.f3 Nbd7 10.Bd3 h6 11.Bh4 Qe7 12.Ne2 Rfe8 13.O-O e5 14.e4 c6 15.dxe5 dxe5
16.Bf2 Red8 17.b4 c5 18.Rfd1 Ne8 19.Qb2 Nc7 20.Nc3 Ne6 21.Nd5 Bxd5 22.cxd5 Nf4
23.Bf1 Qd6 24.Rac1 Rac8 25.g3 Ng6 26.Qd2 Rc7 27.Bb5 Ngf8 28.Bc6 cxb4 29.Qxb4 Qxb4
30.axb4 Nb8 31.b5 Nfd7 32.Ra1 Nf6 33.d6 Rcc8 34.Bb7 Rc3 35.Rxa7 Nfd7 36.Kg2 Rc2
37.Bd5 Rdc8 38.Ra2 Rxa2 39.Bxa2 Rc2 40.Bd5 Nc5 41.Kf1 Nbd7 42.Bc6  1-0

[Event "Terrasa op"]
[Site "Terrasa"]
[Date "1995.??.??"]
[Round "3"]
[White "Vera, Reynaldo"]
[Black "Salgado Allaria, Carlos"]
[Result "1-0"]
[WhiteElo "2495"]
[BlackElo "2230"]

1.d4 Nf6 2.c4 e6 3.Nc3 Bb4 4.Qc2 O-O 5.a3 Bxc3+ 6.Qxc3 Qe8 7.g3 d6 8.Bg2 e5
9.Nf3 e4 10.Nd2 Bf5 11.Nf1 c6 12.Bf4 Qd7 13.Ne3 Be6 14.Bg5 d5 15.Bxf6 gxf6
16.O-O f5 17.f3 Kh8 18.fxe4 fxe4 19.Bxe4 dxe4 20.d5+ Kg8 21.dxe6 Qxe6 22.Rf6 Qh3
23.Nf5  1-0

[Event "FRA-ch (Women)"]
[Site "Toulouse"]
[Date "1995.??.??"]
[Round "10"]
[White "Etchegaray, Malina"]
[Black "Fruteau, Sabine"]
[Result "0-1"]
[WhiteElo "2175"]
[BlackElo "2215"]

1.d4 Nf6 2.c4 e6 3.Nc3 Bb4 4.Qc2 O-O 5.a3 Bxc3+ 6.Qxc3 Ne4 7.Qc2 f5 8.Nf3 d6
9.e3 b6 10.Bd3 Bb7 11.b3 Nd7 12.Bb2 Qe8 13.h3 Qg6 14.Rg1 Ndf6 15.O-O-O Qh6
16.Kb1 c5 17.Ka1 Qh5 18.Qe2 a6 19.Rc1 Bc6 20.g4 fxg4 21.hxg4 Qh3 22.Nd2 cxd4
23.exd4 Nxd2 24.Qxd2 Be4 25.Rg3 Qh4 26.Rcg1 d5 27.Bf1 Nd7 28.f4 Rf7 29.cxd5 exd5
30.f5 Rc8 31.Rh3 Qe7 32.Bd3 Bxd3 33.Qxd3 Qg5 34.Bc1 Rxc1+ 35.Rxc1 Qxc1+ 36.Ka2 Re7
37.f6 Nxf6  0-1

[Event "SVK-ch"]
[Site "Trencin"]
[Date "1995.??.??"]
[Round "6"]
[White "Kantorik, Marian"]
[Black "Zpevak, Pavel"]
[Result "1/2-1/2"]
[WhiteElo "2255"]
[BlackElo "2355"]

1.d4 Nf6 2.c4 e6 3.Nc3 Bb4 4.Qc2 O-O 5.Nf3 b6 6.Bg5 h6 7.Bh4 Bb7 8.O-O-O Bxc3
9.Qxc3 Ne4 10.Qc2 Qe8 11.e3 d5 12.Bd3 Na6 13.a3 c5 14.Bxe4 dxe4 15.Nd2 f5
16.Bg3 cxd4 17.exd4 f4 18.Bh4 g5 19.Nxe4 Qg6 20.Nxg5 Qxc2+ 21.Kxc2 hxg5 22.Bxg5 Rf5
23.h4 Bxg2 24.Rhg1 Bf3 25.Rde1 Kf7 26.Bh6 Rh5 27.Bg5 Re8 28.Kc3 Nb8 29.Bxf4 Nd7
30.Re3 Bb7 31.Reg3 Rh7 32.h5 Nf6 33.Rg6 Nxh5 34.Be5 Be4 35.R6g5 Nf6 36.f3 Bxf3
37.Kb4 Bc6 38.Rf1 a5+ 39.Kb3 Rh3+ 40.Ka2 Rf3 41.Rfg1 Rf8 42.Rg7+ Ke8 43.Rc7 Ba4
44.b3 Bxb3+ 45.Kb2 Rg8 46.Rc8+ Kd7 47.Rgxg8 Nxg8 48.Rxg8 Bxc4 49.Rg7+ Kc6
50.a4 Rb3+ 51.Kc2 Rb4 52.Rc7+ Kd5 53.Rd7+ Ke4 54.Rd6 Kf5 55.Kc3 Bb3 56.Bg7 Bxa4
57.d5 Rb3+ 58.Kd2 exd5 59.Rxd5+ Ke6 60.Rd8 Bd7 61.Bc3 Rb5 62.Rh8 Rd5+ 63.Kc2 Kd6
64.Kb2 Kc6 65.Rh4 Rb5+ 66.Kc1 Rg5 67.Rc4+ Kb5 68.Re4 Rg3 69.Kb2 Rg2+ 70.Kc1 Bc6  1/2-1/2

[Event "American op"]
[Site "USA"]
[Date "1995.??.??"]
[Round "7"]
[White "Remlinger, Larry"]
[Black "Ekstroem, Roland"]
[Result "1/2-1/2"]
[WhiteElo "2465"]
[BlackElo "2430"]

1.d4 Nf6 2.c4 e6 3.Nc3 Bb4 4.Qc2 O-O 5.a3 Bxc3+ 6.Qxc3 b6 7.Bg5 Bb7 8.Nf3 d6
9.e3 Nbd7 10.Nd2 c5 11.dxc5 bxc5 12.f3 a5 13.Bd3 a4 14.O-O Qa5 15.Qc2 h6
16.Bf4 d5 17.e4 e5 18.Bg3 d4 19.Rfb1 Ra6 20.Be1 Qc7 21.b4 axb3 22.Rxb3 Bc6
23.Qb2 Rfa8 24.Bc2 Ne8 25.Bd3 Nd6 26.Qc1 Ba4 27.Rb2 Rb8 28.Rxb8+ Qxb8 29.Bg3 g5
30.h4 f6 31.Kf2 Rb6 32.Rb1 Rxb1 33.Bxb1 Qb6 34.Bd3 Kf7 35.Ke2 Ke7 36.Be1 Nf8
37.hxg5 hxg5 38.Bc2 Qa6 39.Bd3 Nd7 40.g3 Qa8 41.Kf2 Bc6 42.g4 Ba4 43.Kg2 Qb7
44.Kg1 Nf8 45.Bg3 Ne6 46.Kf2 Qb6 47.Ke2 Qa5 48.Nb1 Qa8 49.Nd2 Qb8 50.Kf2 Nf7
51.Bc2 Qa8 52.Bd3 Nf4 53.Bxf4 exf4 54.Qb1 Ne5 55.Bf1 Bc6 56.Qb3 Kd6 57.Qb2 Kc7
58.Qb3 Qa5 59.Nb1 Ba4 60.Qb2 Qa8  1/2-1/2

[Event "Vienna op-B"]
[Site "Vienna"]
[Date "1995.??.??"]
[Round "7"]
[White "Kramer, George Mortimer"]
[Black "Hamberger, Josef"]
[Result "1/2-1/2"]
[WhiteElo "2090"]
[BlackElo "1845"]

1.d4 Nf6 2.c4 e6 3.Nc3 Bb4 4.Qc2 O-O 5.Bg5 h6 6.Bh4 b6 7.e3 Bb7 8.f3 d5 9.Bd3 Be7
10.Nge2 Nbd7 11.O-O c5 12.cxd5 Nxd5 13.Bxe7 Qxe7 14.Qd2 Nb4 15.Bb1 Rfd8 16.a3 cxd4
17.exd4 Nd5 18.Nxd5 Bxd5 19.Bd3 Bb7 20.Rac1 Rac8 21.Qf4 Qf6 22.Rxc8 Rxc8
23.Qd6 Qd8 24.Rd1 Qc7 25.Qb4 a5 26.Qd2 Qd6 27.Qe3 Nf6 28.Qe5 Qd5 29.Rd2 Qxe5
30.dxe5 Ne8 31.f4 Kf8 32.Nd4 Nc7 33.Kf2 Ke7 34.g3 Ba6 35.Be4 g6 36.h4 Nd5
37.Bxd5 exd5 38.Rc2 Rxc2+ 39.Nxc2 f6 40.exf6+ Kxf6 41.Nd4 h5 42.Ke3 a4 43.Nf3 Bc4
44.Ne5 Bb3 45.Nd7+ Kf5 46.Nxb6 Kg4 47.Kf2 d4 48.Nd7 Bc2 49.Ne5+ Kh3 50.Nf3 d3
51.Nd2 Kg4 52.Kg2 Kf5 53.Kf3 Bd1+ 54.Ke3 Bc2 55.Kf2 Kg4 56.Nc4 Kh3 57.Nd2 Kg4
58.Kg2 Kf5 59.Nf1 Ke4 60.Kf2 Kd4 61.Nd2 Bd1 62.Ke1 Bc2 63.Nf1 Ke4 64.Kf2 Kd4
65.Ne3 Ke4 66.Nc4 Kd4 67.Nd2 Bd1 68.Ke1  1/2-1/2

[Event "SLO-ch"]
[Site "Vrhnika"]
[Date "1995.??.??"]
[Round "?"]
[White "Jelen, Igor"]
[Black "Podlesnik, Bogdan"]
[Result "1/2-1/2"]
[WhiteElo "2405"]
[BlackElo "2400"]

1.d4 Nf6 2.c4 e6 3.Nc3 Bb4 4.Qc2 O-O 5.a3 Bxc3+ 6.Qxc3 b6 7.Bg5 Bb7 8.f3 h6
9.Bh4 d5 10.e3 Nbd7 11.cxd5 exd5 12.Bd3 Re8 13.Ne2 c5 14.O-O Rc8 15.Qd2 Qe7
16.Bf2 g6 17.Rad1 c4 18.Bb1 b5 19.Rfe1 Kg7 20.Nc3 Bc6 21.e4 Qf8 22.f4 Nxe4
23.Bxe4 dxe4 24.d5 Bb7 25.Bxa7 b4 26.Nxe4 f5 27.Ng3 bxa3 28.bxa3 Qxa3 29.Qd4+ Kf7
30.Ra1 Qd3 31.Qxd3 Rxe1+ 32.Rxe1 cxd3 33.Rd1 Rc3 34.Bd4 Rb3 35.d6 Ke6 36.Kf2 h5
37.Bg7 h4 38.Nf1 Kxd6 39.Nd2 Rb4 40.Nf3 Be4 41.Nxh4 Ra4 42.Ra1 Rc4 43.Ra2 Rc2+
44.Rxc2 dxc2 45.Bb2 Nc5 46.Ba3 Ke6 47.Nxg6 Nd3+ 48.Ke3 c1=Q+ 49.Bxc1 Nxc1
50.g4 Kf6 51.Ne5 Nb3 52.h4 Nc5 53.gxf5 Kxf5 54.h5 Bb1  1/2-1/2

[Event "Sonnevanck"]
[Site "Wijk aan Zee"]
[Date "1995.??.??"]
[Round "6"]
[White "Ftacnik, Lubomir"]
[Black "Nijboer, Friso"]
[Result "1-0"]
[WhiteElo "2605"]
[BlackElo "2510"]

1.d4 Nf6 2.c4 e6 3.Nc3 Bb4 4.Qc2 O-O 5.a3 Bxc3+ 6.Qxc3 b6 7.g3 Bb7 8.Nf3 a5
9.b3 d6 10.Bg2 Nbd7 11.O-O Qe7 12.Bb2 Ra7 13.Rad1 Be4 14.d5 e5 15.Bh3 b5
16.cxb5 Bxd5 17.a4 Nc5 18.Nd2 c6 19.f4 cxb5 20.fxe5 dxe5 21.axb5 Nfe4 22.Nxe4 Nxe4
23.Qe3 Ba8 24.Bg2 Ng5 25.Qxe5 Qxe5 26.Bxe5 Bxg2 27.Kxg2 Rb7 28.Rd5 Re8 29.Bd4 Rxe2+
30.Rf2 Rxf2+ 31.Bxf2 f6 32.b6 Kf7 33.Rxa5 Ne6 34.Ra7 Nd8 35.Kf3 Ke6 36.Ke4 Kd6
37.Kd3 Kc6 38.Ra8 Nf7 39.Rc8+ Kd7 40.Rg8 Kc6 41.Kc3 Nd6 42.Be3 Re7 43.Kd3 Rd7
44.Ke2 Kb7 45.Bc5 Ne4 46.b4 Nc3+ 47.Kf3 Nd5 48.Ke4 Nxb6 49.Kf5 Rc7 50.Bf8 g6+
51.Kxf6 Kc6 52.Ke6 Rd7 53.Rg7 Rxg7 54.Bxg7 Nc4 55.Bh6 Kb5 56.Kf6 Kxb4 57.Kg7 Ne5
58.Kxh7 g5 59.Bxg5 Nf3 60.h4 Kc4 61.Bf6 Kd5 62.h5  1-0

[Event "Yalta op"]
[Site "Yalta"]
[Date "1995.??.??"]
[Round "3"]
[White "Kiriakov, Petr"]
[Black "Kushch, Nikolai"]
[Result "1-0"]
[WhiteElo "2480"]
[BlackElo "2360"]

1.d4 Nf6 2.c4 e6 3.Nc3 Bb4 4.Qc2 O-O 5.a3 Bxc3+ 6.Qxc3 b6 7.Bg5 Bb7 8.Nh3 h6
9.Bh4 d5 10.cxd5 exd5 11.e3 Nbd7 12.Bd3 c5 13.O-O Re8 14.Rfe1 g5 15.Bg3 Ne4
16.Qc2 Rc8 17.Qd1 Nxg3 18.hxg3 Qf6 19.Qg4 Qd6 20.Qf5 Nf6 21.f4 g4 22.Nf2 h5
23.Qg5+ Kf8 24.Bf5 Rcd8 25.dxc5 bxc5 26.Rad1 Qb6 27.Nd3 Rd6 28.Ne5 Red8 29.Qh6+ Kg8
30.Qg5+ Kf8 31.Bg6 fxg6 32.Qh6+ Ke7 33.Qg7+ Ke6 34.Qf7+ Kf5 35.Qxg6+ Ke6
36.Qf7+ Kf5 37.e4+ dxe4 38.Rxd6  1-0

[Event "Yalta op"]
[Site "Yalta"]
[Date "1995.??.??"]
[Round "5"]
[White "Shemeakin, Alexander"]
[Black "Kaplun, Leonid I"]
[Result "1-0"]
[WhiteElo "2240"]
[BlackElo "2400"]

1.d4 Nf6 2.c4 e6 3.Nc3 Bb4 4.Qc2 O-O 5.a3 Bxc3+ 6.Qxc3 d6 7.Bg5 Nbd7 8.e3 e5
9.Bd3 b6 10.Ne2 Bb7 11.O-O e4 12.Bc2 h6 13.Bh4 Qe7 14.b4 Rfe8 15.Rac1 a5
16.Bb3 axb4 17.axb4 c5 18.Ra1 Rec8 19.Ra4 Rxa4 20.Bxa4 Qf8 21.Rb1 cxb4 22.Qxb4 Ba6
23.Bb5 Bxb5 24.Qxb5 Rc7 25.h3 Qa8 26.Bxf6 Nxf6 27.Qxb6 Rxc4 28.Qxd6 Rc8 29.Ng3 Qa2
30.Rb8 Rxb8 31.Qxb8+ Kh7 32.Qe5 Qb1+ 33.Kh2 Qb7 34.Nf5 Qb2 35.Qg3 g6 36.Qc7 Qa2
37.Nd6 Kg7 38.Qe7 Qd5 39.g4 h5 40.gxh5 Nxh5 41.Nxe4 Qa2 42.Kg2 Qa8 43.Qe5+ f6
44.Qe7+ Kh6 45.f3 Qa2+ 46.Nf2 Qd2 47.h4 f5 48.Qf8+ Kh7 49.Qf7+ Ng7 50.Qe7 f4
51.exf4 Qxd4 52.Ne4 Qb2+ 53.Kg3 Qa1 54.Kg4 Qg1+ 55.Ng3 Kg8 56.Qd8+ Kh7 57.Qe7 Kg8
58.Qg5 Kh7 59.Kh3 Qd1 60.Qg4 Qb1 61.Qd7 Qc1 62.f5 gxf5 63.Nxf5 Qh1+ 64.Kg4 Qg1+
65.Ng3 Qb1 66.h5 Qb6 67.Qe7 Kg8 68.Qe4 Kf7 69.Qf4+ Kg8 70.h6 Qe6+ 71.Kh4  1-0

[Event "Yalta op"]
[Site "Yalta"]
[Date "1995.??.??"]
[Round "5"]
[White "Kiriakov, Petr"]
[Black "Tunik, Gennady"]
[Result "1/2-1/2"]
[WhiteElo "2480"]
[BlackElo "2530"]

1.d4 Nf6 2.c4 e6 3.Nc3 Bb4 4.Qc2 O-O 5.a3 Bxc3+ 6.Qxc3 b6 7.Bg5 h6 8.Bh4 c5
9.dxc5 bxc5 10.e3 d6 11.Bd3 Nbd7 12.Ne2 Qb6 13.O-O Ba6 14.b3 Rfc8 15.Rfd1 Rab8
16.Rab1 Rb7 17.Bg3 d5 18.h3 Qc6 19.f3 Nb6 20.Qa5 dxc4 21.Qxa6 cxd3 22.Rxd3 Rd7
23.Rbd1 Rcd8 24.e4 c4 25.Rxd7 Rxd7 26.Rc1 Nxe4 27.fxe4 Qxe4 28.Rxc4 Rd1+
29.Kh2 Qb1 30.Rc1 Rxc1 31.Nxc1 Qxc1 32.Qxa7 Nd5 33.a4 Ne3 34.Bf2 Nf1+ 35.Kg1 Ng3+
36.Kh2 Nf1+ 37.Kg1  1/2-1/2

[Event "EU-ch U18"]
[Site "Zagan"]
[Date "1995.??.??"]
[Round "8"]
[White "Swol, Michal"]
[Black "Muningis, Paulius"]
[Result "1-0"]
[WhiteElo "2325"]
[BlackElo "2095"]

1.d4 Nf6 2.c4 e6 3.Nc3 Bb4 4.Qc2 O-O 5.a3 Bxc3+ 6.Qxc3 b5 7.cxb5 c6 8.bxc6 Nxc6
9.Bg5 Bb7 10.Bxf6 Qxf6 11.Nf3 Ne7 12.g3 Rfc8 13.Qd3 Bxf3 14.exf3 Nf5 15.Rd1 e5
16.Bg2 Nxd4 17.O-O Rab8 18.f4 d6 19.b4 Rc2 20.fxe5 dxe5 21.f4 Rd8 22.Kh1 Rxg2
23.Kxg2 Qc6+  1-0

[Event "Zalakaros op"]
[Site "Zalakaros"]
[Date "1995.??.??"]
[Round "2"]
[White "Sulyok, Sandor"]
[Black "Kustar, Sandor"]
[Result "1/2-1/2"]
[WhiteElo "2255"]
[BlackElo "2435"]

1.d4 Nf6 2.c4 e6 3.Nc3 Bb4 4.Qc2 O-O 5.a3 Bxc3+ 6.Qxc3 b6 7.Nf3 Bb7 8.b4 d6
9.Bb2 Nbd7 10.e3 Ne4 11.Qc2 f5 12.Bd3 c5 13.O-O Qe8 14.Nd2 Qg6 15.f3 Ng5
16.Kh1 e5 17.d5 a6 18.f4 e4 19.Be2 Nf7 20.g4 Rfe8 21.Rg1 Nf6 22.gxf5 Qxf5
23.Bxf6 Qxf6 24.Nxe4 Qe7 25.Bd3 Nh6 26.Qc3 Red8 27.Nf6+ Kh8 28.Nxh7 cxb4
29.axb4 Rac8 30.Qd4 b5 31.cxb5 axb5 32.Rg3 Rc4 33.Bxc4 Nf5 34.Rxg7 Qxg7 35.Qxg7+ Kxg7
36.Ng5 Re8 37.Bxb5 Bxd5+ 38.e4 Bxe4+ 39.Nxe4 Rxe4 40.Bd3 Rxf4 41.b5 Ne7 42.Rg1+ Kh6
43.Re1 Rd4 44.Rxe7 Rxd3 45.b6 Rd2 46.Re8 Rb2 47.Re6+ Kg5 48.Rxd6 Kg4 49.Kg1 Kg5
50.Kf1 Rxh2 51.Rd8 Rb2 52.Rb8 Kh6 53.b7 Kg7 54.Ke1 Kh7 55.Kd1 Kg7 56.Kc1 Rb6
57.Kc2 Rb4 58.Kc3 Rb1  1/2-1/2

[Event "Zalakaros op"]
[Site "Zalakaros"]
[Date "1995.??.??"]
[Round "8"]
[White "Kincs, Imre"]
[Black "Zsinka, Laszlo"]
[Result "0-1"]
[WhiteElo "2230"]
[BlackElo "2355"]

1.d4 Nf6 2.c4 e6 3.Nc3 Bb4 4.Qc2 O-O 5.Nf3 c5 6.dxc5 Na6 7.a3 Bxc3+ 8.Qxc3 Nxc5
9.g3 b6 10.Bg2 Bb7 11.O-O Rc8 12.b3 d5 13.cxd5 Bxd5 14.Bb2 Nxb3 15.Qe5 Nxa1
16.Bxa1 Rc5 17.Qb2 Qc7 18.Nd4 Bxg2 19.Kxg2 Rd8 20.h3 Rc4 21.e3 Rc8 22.Qb5 Qc5
23.Bb2 Qxb5 24.Nxb5 R4c5 25.Nd4 b5 26.Rd1 Nd5 27.Re1 a6 28.e4 Nb6 29.Nf3 Rc2
30.Bd4 Nc4 31.Ra1 Nd2 32.Nxd2 Rxd2 33.Be3 Rd3 34.a4 b4 35.Rb1 b3 36.a5 Rc2
37.Kf3 e5 38.Kg4 f6 39.h4 Kf7 40.h5 Ke6 41.h6 g6 42.Kf3 f5 43.exf5+ gxf5
44.g4 f4 45.Ke4 Rdc3  0-1

[Event "Zaragoza op-A"]
[Site "Zaragoza"]
[Date "1995.??.??"]
[Round "2"]
[White "Touzane, Olivier"]
[Black "Kolev, Atanas"]
[Result "1/2-1/2"]
[WhiteElo "2310"]
[BlackElo "2505"]

1.d4 Nf6 2.c4 e6 3.Nc3 Bb4 4.Qc2 O-O 5.a3 Bxc3+ 6.Qxc3 b6 7.Bg5 c5 8.dxc5 bxc5
9.e3 d6 10.Bd3 Nbd7 11.Nf3 Qb6 12.Rd1 Bb7 13.O-O Qc6 14.Bxf6 Nxf6 15.b4 cxb4
16.axb4 Rfc8 17.Qa1 a5 18.bxa5 Qc7 19.Nd4 Rxa5 20.Qb2 Ng4 21.Be2 Rg5 22.f4 Rg6
23.Bxg4 Rxg4 24.Rf2 Ra8 25.Rb1 Be4 26.Qb6 Qc8 27.Rb5 h6 28.h3 Rg6 29.f5 exf5
30.Nxf5 Bxf5 31.Rbxf5 d5 32.Qb1 dxc4 33.Rxf7 Qc6 34.R7f4 Re6 35.Qb4 Re4 36.Rf8+ Rxf8
37.Qxf8+ Kh7 38.Qf5+ Qg6 39.Qxg6+ Kxg6 40.Rc2 Kf5 41.Kf2 h5 42.Ke2 g5 43.Rc1 g4
44.hxg4+ Rxg4 45.Kf3 Ke5 46.Rh1 Rg5 47.Rd1 Ke6 48.Rd4 Rc5 49.Ke2 c3 50.Kd1 c2+
51.Kc1 Kf5 52.Rf4+ Kg5 53.Rf2 Rc3 54.Rf3 Kg4 55.Rf4+ Kg3 56.Rf3+ Kg4 57.Rf4+ Kg5
58.Rf3 h4 59.Rf8 Rc4 60.Rg8+ Kf5 61.Rf8+ Ke5 62.Re8+ Kf5 63.Rh8 Rg4 64.Kxc2 Ke4
65.Re8+ Kf5 66.Rf8+ Ke4 67.Re8+ Kf5 68.Rf8+ Ke4  1/2-1/2

[Event "Zlin"]
[Site "Zlin"]
[Date "1995.??.??"]
[Round "?"]
[White "Stohl, Igor"]
[Black "Polak, Tomas"]
[Result "1/2-1/2"]
[WhiteElo "2525"]
[BlackElo "2450"]

1.d4 Nf6 2.c4 e6 3.Nc3 Bb4 4.Qc2 O-O 5.a3 Bxc3+ 6.Qxc3 b6 7.Bg5 Bb7 8.e3 d6
9.f3 Nbd7 10.Bd3 c5 11.Ne2 Rc8 12.b4 h6 13.Bh4 d5 14.dxc5 bxc5 15.b5 Nb6
16.O-O Ne4 17.Qe1 g5 18.cxd5 exd5 19.Bg3 Nxg3 20.Nxg3 d4 21.Nf5 Qf6 22.exd4 Rce8
23.Qf2 cxd4 24.Rad1 Nd5 25.Be4 Nc3 26.Rxd4 Nxe4 27.fxe4 Bxe4 28.Rd7 Qe6 29.Rd6 Qxf5
30.Qxf5 Bxf5 31.Rxf5 Re7 32.Rxh6 Kg7 33.Rc6 f6 34.Rfc5 Rd8 35.h3 Rdd7 36.Kh2 Kg6
37.Ra6 Re2 38.Rcc6 Rf2 39.Rd6 Re7 40.Re6 Rd7 41.Re3 Kh5 42.Kg1 Rdd2 43.g4+  1/2-1/2

[Event "Zlin"]
[Site "Zlin"]
[Date "1995.??.??"]
[Round "?"]
[White "Babula, Vlastimil"]
[Black "Mokry, Karel"]
[Result "1/2-1/2"]
[WhiteElo "2530"]
[BlackElo "2505"]

1.d4 Nf6 2.c4 e6 3.Nc3 Bb4 4.Qc2 O-O 5.a3 Bxc3+ 6.Qxc3 b6 7.Bg5 Bb7 8.e3 d6
9.f3 Nbd7 10.Bd3 c5 11.Ne2 Rc8 12.Qd2 Ba6 13.Rc1 h6 14.Bh4 cxd4 15.exd4 d5
16.cxd5 Bxd3 17.Rxc8 Qxc8 18.dxe6 Bxe2 19.exd7 Qxd7 20.Kxe2 g5 21.Bg3 Re8+
22.Be5 Qd5 23.Re1 Nd7 24.Kd1 Nxe5  1/2-1/2

[Event "BRA-ch"]
[Site "Americana"]
[Date "1996.??.??"]
[Round "4"]
[White "Leitao, Rafael"]
[Black "Lima, Darcy"]
[Result "1/2-1/2"]
[WhiteElo "2475"]
[BlackElo "2430"]

1.d4 Nf6 2.c4 e6 3.Nc3 Bb4 4.Qc2 O-O 5.a3 Bxc3+ 6.Qxc3 b6 7.Bg5 Bb7 8.f3 h6
9.Bh4 d5 10.e3 Nbd7 11.cxd5 Nxd5 12.Bxd8 Nxc3 13.Bh4 Nd5 14.Bf2 f5 15.Bb5 c6
16.Bd3 e5 17.Ne2 Rae8 18.O-O exd4 19.exd4 Nb8 20.Nc3 Ba6 21.Bxa6 Nxa6 22.Nxd5 cxd5
23.Rac1 Rf7 24.Rc2 Rc7 25.Rxc7 Nxc7 26.Bg3 Ne6 27.Re1 Kf7 28.Re5 Nxd4  1/2-1/2

[Event "Ano Liosia op"]
[Site "Ano Liosia"]
[Date "1996.??.??"]
[Round "6"]
[White "Trikaliotis, Georgios"]
[Black "Karkanaque, Ilir"]
[Result "0-1"]
[WhiteElo "2195"]
[BlackElo "2400"]

1.d4 Nf6 2.c4 e6 3.Nc3 Bb4 4.Qc2 O-O 5.Nf3 c5 6.dxc5 Na6 7.Bg5 Nxc5 8.Nd2 b6
9.f3 Bb7 10.e4 Bxc3 11.bxc3 e5 12.Be2 Ne6 13.Be3 Qc7 14.g3 Ne8 15.O-O Nd6
16.a4 Ba6 17.Qa2 Nb7 18.Rf2 Kh8 19.f4 exf4 20.gxf4 f5 21.exf5 Rxf5 22.Bg4 Nd6
23.Re1 Raf8 24.c5 bxc5 25.Bxf5 Nxf5 26.Nf3 Nxe3 27.Rxe3 Qxf4 28.Qd2 h6 29.Ne5 Qg5+
30.Rg3 Qxe5  0-1

[Event "AUT-chT2S 9697"]
[Site "Austria"]
[Date "1996.??.??"]
[Round "4"]
[White "Perhinig, Robert"]
[Black "Thaler, Heimo"]
[Result "1/2-1/2"]
[WhiteElo "2185"]
[BlackElo "2180"]

1.d4 Nf6 2.c4 e6 3.Nc3 Bb4 4.Qc2 O-O 5.Nf3 b6 6.e3 Bxc3+ 7.Qxc3 Bb7 8.Qc2 d6
9.b3 Nbd7 10.Bb2 Be4  1/2-1/2

[Event "AUT-chT2S 9697"]
[Site "Austria"]
[Date "1996.??.??"]
[Round "11"]
[White "Tabernig, Bernhard"]
[Black "Titz, Heimo"]
[Result "0-1"]
[WhiteElo "2325"]
[BlackElo "2275"]

1.d4 Nf6 2.c4 e6 3.Nc3 Bb4 4.Qc2 O-O 5.a3 Bxc3+ 6.Qxc3 b6 7.Bg5 Bb7 8.e3 d6
9.f3 Nbd7 10.Nh3 c5 11.dxc5 dxc5 12.O-O-O Qe7 13.Nf2 e5 14.Ng4 Rad8 15.Bxf6 Nxf6
16.Rxd8 Rxd8 17.Qxe5 Qxe5 18.Nxe5 Re8 19.f4 Ne4 20.Rg1 f6 21.Nf3 Nf2 22.Be2 Rxe3
23.Kd2 Re7 24.Rf1 Ne4+ 25.Kd3 Nd6 26.b3 Nf5 27.g4 Ne3 28.Rg1 Nc2 29.Nd2 Re3+
30.Kxc2 Rxe2 31.h4 Kf7 32.Rg3 Rh2 33.h5 f5 34.gxf5 Be4+ 35.Kc3 Bxf5 36.b4 Rxh5
37.bxc5 bxc5 38.Nb3 Be6 39.a4 Rf5 40.Rg5 Rxg5 41.fxg5 Kg6 42.Nxc5 Bf5 43.Kd4 Kxg5
44.Ne4+ Kf4 45.Nd6 Bd7 46.a5 h5 47.Nf7 h4 48.Ne5 h3 49.Nd3+ Kg3 50.Ke3 h2
51.Nf2 Bc6 52.c5 g5  0-1

[Event "AUT-ch"]
[Site "AUT"]
[Date "1996.??.??"]
[Round "6"]
[White "Obermayr, Hermann"]
[Black "Titz, Heimo"]
[Result "0-1"]
[WhiteElo "2110"]
[BlackElo "2325"]

1.d4 Nf6 2.c4 e6 3.Nc3 Bb4 4.Qc2 O-O 5.a3 Bxc3+ 6.Qxc3 b6 7.Bg5 h6 8.Bh4 c5
9.dxc5 bxc5 10.e3 Nc6 11.f3 d6 12.Nh3 Rb8 13.Bg3 e5 14.Nf2 Qb6 15.O-O-O Na5
16.Be2 Be6 17.f4 Bxc4 18.Rxd6 Qxd6 19.fxe5 Qb6 20.Bxc4 Nxc4 21.exf6 Qxb2+
22.Qxb2 Rxb2 23.fxg7 Rd8 24.Ne4 Rxg2 25.Bh4 Rd3 26.Bf6 Nxa3  0-1

[Event "Wch Seniors"]
[Site "Bad Liebenzell"]
[Date "1996.??.??"]
[Round "8"]
[White "Igney, Volkhard"]
[Black "Forintos, Gyozo V"]
[Result "1/2-1/2"]
[WhiteElo "2235"]
[BlackElo "2405"]

1.d4 Nf6 2.c4 e6 3.Nc3 Bb4 4.Qc2 O-O 5.a3 Bxc3+ 6.Qxc3 b6 7.Nf3 Bb7 8.g3 d6
9.Bg2 Nbd7 10.O-O Qe7 11.Nd2 Bxg2 12.Kxg2 e5 13.d5 Rae8 14.b4 h6 15.e4 Qd8
16.Qc2 Qc8 17.Nb3 c6 18.Qd3 c5 19.b5 Nh7 20.f3 a6 21.bxa6 b5 22.Nd2 bxc4
23.Nxc4 Qxa6 24.Nxe5 Qxd3 25.Nxd3 f5 26.Nf2 g5 27.g4 fxg4 28.Nxg4 h5 29.Nh6+ Kg7
30.Nf5+ Rxf5 31.exf5 Kf6 32.Bb2+ Kxf5 33.Rfe1 Rb8 34.Ra2 Nb6 35.Re7 Nf6 36.Bxf6 Nxd5
37.Bxg5 Rg8 38.Rf7+ Ke6 39.Rh7 Rxg5+ 40.Kf2 Nf4 41.Ke3 Nd5+ 42.Kd3 Rf5 43.Re2+ Kf6
44.Rf2 Nf4+ 45.Ke3 Nd5+ 46.Kd2 c4 47.Re2 c3+ 48.Kc2 Kg5 49.Rd7 Kf4 50.Rxd6 Kxf3
51.Rde6 Rf4 52.R2e5 Rd4 53.Rf5+ Kg4 54.Rf2 h4 55.Re5 Kh3 56.Rg5 Nf4 57.Kxc3 Re4
58.Rf5 Ng2 59.Rg5 Re3+ 60.Kb4 Ne1 61.Rd5 Nd3+ 62.Rxd3 Rxd3 63.a4 Rd4+ 64.Kb5 Rg4
65.a5 Rg5+ 66.Kb4 Rg4+ 67.Kb3 Rg5 68.Kb4 Rg4+ 69.Kb5 Rg5+ 70.Kb6 Rg6+ 71.Kc7 Ra6
72.Ra2 Rxa5 73.Rxa5 Kxh2 74.Kd6 h3 75.Ke5 Kg3 76.Ra3+ Kg2 77.Kf4 h2 78.Ra2+ Kh3
79.Ra3+ Kg2 80.Rg3+  1/2-1/2

[Event "Balatonbereny op"]
[Site "Balatonbereny"]
[Date "1996.??.??"]
[Round "2"]
[White "Gladyszev, Oleg"]
[Black "Anka, Emil"]
[Result "0-1"]
[WhiteElo "2325"]
[BlackElo "2405"]

1.d4 Nf6 2.c4 e6 3.Nc3 Bb4 4.Qc2 O-O 5.a3 Bxc3+ 6.Qxc3 b6 7.Bg5 Ba6 8.e3 h6
9.Bh4 d6 10.Bd3 Nbd7 11.Nf3 c5 12.O-O cxd4 13.exd4 Rc8 14.Qb4 d5 15.Rac1 dxc4
16.Bxc4 Rxc4 17.Rxc4 Qa8 18.Rfc1 Nd5 19.Qa4 Bxc4 20.Qxc4 f6 21.Bg3 Rd8 22.Qc6 Qxc6
23.Rxc6 Kf7 24.Kf1 Nf8 25.Rc4 Ng6 26.Ke1 Nge7 27.a4 g5 28.Ke2 Nf5 29.Nd2 h5
30.h3 Rd7 31.Bh2 a6 32.g4 b5 33.axb5 axb5 34.gxf5 bxc4 35.fxe6+ Kxe6 36.Nxc4 Nf4+
37.Bxf4 Rxd4 38.Bxg5 fxg5 39.Nd2 Kf5 40.Nf1 Rh4 41.Ne3+ Kg6 42.b4 Rxh3 43.b5 Rh4
44.Nc2 Rc4 45.Kd3 Rf4 46.Ke2 h4 47.f3 Kh5 48.Ke3 h3  0-1